000 00328nam a22001457a 4500
008 180903b xxu||||| |||| 00| 0 eng d
020 _a0762302615
041 _aeng
080 _a37 BRO
082 _a37
100 _a25
101 _aEDU
245 _aAdvances in Research on Teaching
_cBrophy jere
942 _2udc
_cBK
999 _c47431
_d47431